[Event "Rochefort op 5th"]
[Site "Rochefort"]
[Date "2006.02.15"]
[Round "4"]
[White "Lagunes, Jean Renaud"]
[Black "Reveillere, Christian"]
[Result "1-0"]
[WhiteElo "2157"]
[BlackElo "1904"]
[PlyCount "87"]
[EventDate "2006.02.15"]
[EventType "swiss"]
[EventRounds "9"]
[EventCountry "FRA"]
[SourceTitle "EXT 2007"]
[Source "ChessBase"]
[SourceDate "2006.11.23"]
[SourceVersion "1"]
[SourceVersionDate "2006.11.23"]
[SourceQuality "1"]

1. e4 e6 2. d4 d5 3. Nc3 Nf6 4. Bg5 dxe4 5. Nxe4 Nbd7 6. c3 Be7 7. Nxf6+ Nxf6 8. Nf3 Nd5 9. h4 h6 10. Bxe7 Qxe7 11. Ne5 Nf6 12. Qf3 Rb8 13. 0-0-0 Nd7 14. Rh3 Nxe5 15. dxe5 Bd7 16. g4 Bc6 17. Qe3 b6 18. Be2 Rd8 19. h5 Rxd1+ 20. Bxd1 0-0 21. f4 Rd8 22. Bc2 Qc5 23. Qxc5 bxc5 24. Re3 Kf8 25. Be4 Be8 26. Kc2 Ba4+ 27. b3 Be8 28. Bd3 Bc6 29. a4 a5 30. Be4 Be8 31. Bd3 Bc6 32. Bc4 Ke7 33. Be2 Ba8 34. Bf3 Bxf3 35. Rxf3 Rd5 36. Rd3 c6 37. Rxd5 cxd5 38. b4 cxb4 39. cxb4 axb4 40. a5 Kd7 41. Kb3 f6 42. exf6 gxf6 43. g5 e5 44. gxf6 1-0

[Event "Rochefort op 5th"]
[Site "Rochefort"]
[Date "2006.02.15"]
[Round "2"]
[White "Remille, Tristan"]
[Black "Reveillere, Christian"]
[Result "1-0"]
[WhiteElo "2068"]
[BlackElo "1904"]
[PlyCount "83"]
[EventDate "2006.02.15"]
[EventType "swiss"]
[EventRounds "9"]
[EventCountry "FRA"]
[SourceTitle "EXT 2007"]
[Source "ChessBase"]
[SourceDate "2006.11.23"]
[SourceVersion "1"]
[SourceVersionDate "2006.11.23"]
[SourceQuality "1"]

1. e4 e6 2. d4 d5 3. Nd2 Nf6 4. e5 Nfd7 5. c3 c5 6. Bd3 Nc6 7. Ne2 b6 8. 0-0 cxd4 9. cxd4 Nb4 10. Bb1 Ba6 11. Nf3 Rc8 12. Re1 Be7 13. a3 Nc6 14. Nf4 g6 15. Nh3 Ndb8 16. b4 Bc4 17. Qd2 b5 18. Qh6 Bf8 19. Qf4 h6 20. Qg4 Kd7 21. Nd2 h5 22. Qf4 Bh6 23. Qxf7+ Qe7 24. Qxe7+ Kxe7 25. Nf3 Rcg8 26. Bxh6 Rxh6 27. Nhg5 Nd7 28. a4 a6 29. Rc1 Nxb4 30. axb5 Bxb5 31. Rc7 h4 32. h3 Ra8 33. Nh2 Rhh8 34. Ngf3 Rag8 35. Ng4 Rc8 36. Rxc8 Rxc8 37. Bxg6 Nb6 38. Nxh4 Nc2 39. Bxc2 Rxc2 40. Ne3 Rd2 41. g4 Rxd4 42. Nhf5+ 1-0